| 000 | 00728nam a22001815i 4500 | ||
|---|---|---|---|
| 001 | 54352 | ||
| 003 | ES-MaACL | ||
| 007 | t| | ||
| 008 | 960718s1874 sp ||||1| spa d | ||
| 040 |
_aCAM _bspa _cCAM |
||
| 100 | 1 |
_aFonoll, Odón. _951504 |
|
| 245 | 1 | 0 |
_aClave gramatical _b: método teórico-practico para enseñar el lenguaje castellano, comparado con el catalán, a los alumnos del Principado de Cataluña / _cpor Odon Fonoll. |
| 250 |
_a2ª ed. ref. y aum. _bpor Francisco de A. Valls y Ronquillo. |
||
| 260 |
_aBarcelona : _bJ. Bastino e hijo, editores, _c1874 ( _fImprenta de Jaime Jepús) |
||
| 300 |
_aV, 230, [1] p. ; _c19 cm. |
||
| 700 | 1 |
_aValls y Ronquillo, Francisco de A. _9112956 |
|
| 852 |
_aES-MaACL _jD-953 |
||
| 999 |
_c54352 _d54352 |
||